Doctor Zhivago / (Record no. 16727)
[ view plain ]
| 000 -LEADER | |
|---|---|
| fixed length control field | 01461pam a2200361 a 4500 |
| 001 - CONTROL NUMBER | |
| control field | 3435120 |
| 003 - CONTROL NUMBER IDENTIFIER | |
| control field | EG-ScBUE |
| 005 - DATE AND TIME OF LATEST TRANSACTION | |
| control field | 20220324113714.0 |
| 008 - FIXED-LENGTH DATA ELEMENTS--GENERAL INFORMATION | |
| fixed length control field | 910503s1991 enk f 000 1 eng d |
| 020 ## - INTERNATIONAL STANDARD BOOK NUMBER | |
| International Standard Book Number | 9780679407591 |
| 040 ## - CATALOGING SOURCE | |
| Original cataloging agency | DLC |
| Language of cataloging | eng |
| Description conventions | rda |
| Transcribing agency | DLC |
| Modifying agency | OCoLC |
| -- | DLC |
| -- | EG-ScBUE |
| 041 1# - LANGUAGE CODE | |
| Language code of text/sound track or separate title | eng |
| Language code of original and/or intermediate translations of text | rus |
| 082 04 - DEWEY DECIMAL CLASSIFICATION NUMBER | |
| Classification number | 891.7342 |
| Edition number | 22 |
| Item number | PAS |
| 100 1# - MAIN ENTRY--PERSONAL NAME | |
| Personal name | Pasternak, Boris Leonidovich, |
| Dates associated with a name | 1890-1960, |
| Relator term | author. |
| 9 (RLIN) | 29905 |
| 240 10 - UNIFORM TITLE | |
| Uniform title | <a href="Doktor Zhivago.">Doktor Zhivago.</a> |
| Language of a work | English |
| 245 10 - TITLE STATEMENT | |
| Title | Doctor Zhivago / |
| Statement of responsibility, etc | Boris Pasternak ; translated from the Russian by Manya Harari and Max Hayward ; with an introduced by John Bayley. |
| 264 #1 - PUBLICATION, DISTRIBUTION, ETC. (IMPRINT) | |
| Place of publication, distribution, etc | London : |
| Name of publisher, distributor, etc | Alfred A. Knopf, |
| Date of publication, distribution, etc | 1991. |
| 300 ## - PHYSICAL DESCRIPTION | |
| Extent | xxxv, 510 pages ; |
| Dimensions | 22 cm. |
| 336 ## - CONTENT TYPE | |
| Source | rdacontent |
| Content type term | text |
| Content type code | txt |
| 337 ## - MEDIA TYPE | |
| Source | rdamedia |
| Media type term | unmediated |
| Media type code | n |
| 338 ## - CARRIER TYPE | |
| Source | rdacarrier |
| Carrier type term | volume |
| Carrier type code | nc |
| 490 0# - SERIES STATEMENT | |
| Series statement | Everyman's library ; |
| Volume number/sequential designation | 41 |
| 546 ## - LANGUAGE NOTE | |
| Language note | Text in English ; translated from the original Russian. |
| 650 ## - SUBJECT ADDED ENTRY--TOPICAL TERM | |
| Source of heading or term | BUEsh |
| 651 #7 - SUBJECT ADDED ENTRY--GEOGRAPHIC NAME | |
| Geographic name | Soviet Union |
| General subdivision | History |
| Chronological subdivision | Revolution, 1917-1921 |
| Form subdivision | Fiction. |
| Source of heading or term | BUEsh |
| 9 (RLIN) | 29907 |
| 653 ## - INDEX TERM--UNCONTROLLED | |
| Arrived date list | May2012 |
| Resource For college | Humanities: English |
| 655 ## - INDEX TERM--GENRE/FORM | |
| Form subdivision | Reading book |
| 9 (RLIN) | 34232 |
| 700 1# - ADDED ENTRY--PERSONAL NAME | |
| Personal name | Harari, Manya, |
| Dates associated with a name | 1906-1969, |
| Relator term | translator. |
| 9 (RLIN) | 29909 |
| 700 1# - ADDED ENTRY--PERSONAL NAME | |
| Personal name | Hayward, Max, |
| Relator term | translator. |
| 9 (RLIN) | 29910 |
| 700 1# - ADDED ENTRY--PERSONAL NAME | |
| Personal name | Bayley, John, |
| Dates associated with a name | 1925-2015, |
| Relator term | author of introduction, etc. |
| 9 (RLIN) | 40650 |
| 942 ## - ADDED ENTRY ELEMENTS (KOHA) | |
| Source of classification or shelving scheme | Dewey Decimal Classification |
| Koha item type | Book - Borrowing |
| Withdrawn status | Lost status | Source of classification or shelving scheme | Damaged status | Not for loan | Collection code | Home library | Current library | Shelving location | Date acquired | Source of acquisition | Cost, normal purchase price | Serial Enumeration / chronology | Total Checkouts | Full call number | Barcode | Date last seen | Price effective from | Koha item type |
|---|---|---|---|---|---|---|---|---|---|---|---|---|---|---|---|---|---|---|
| Dewey Decimal Classification | Baccah | Central Library | Central Library | Second Floor | 08/05/2012 | 137.00 | 15016 | 891.7342 PAS | 000026763 | 15/07/2025 | 08/05/2012 | Book - Borrowing |